000 00663nam a2200289Ia 4500
005 20260324150400.0
008 008 260324s9999 xx 000 0 eng d
020 _a9781032619880
037 _aEBOOK
040 _aCRL
040 _beng
040 _cCRL
041 _2eng
041 _aeng
084 _qCRL
100 _aH.W. Coleman
_91226227
245 0 _aColour Television
245 0 _bTechniques, Business, Impact
260 _bTaylor and Francis
260 _c1968
365 _a
365 _b160
856 _uhttp://www.taylorfrancis.com/books/9781032619880
942 _cEBOOK
999 _c1835578
_d1835578